Brown's duty is to stamp on borrowing (Record no. 71068)

MARC details
000 -LEADER
fixed length control field 01091cam a2200241 4500
001 - CONTROL NUMBER
control field ABS65838
008 - FIXED-LENGTH DATA ELEMENTS--GENERAL INFORMATION
fixed length control field 020903n2002 000 0 eng u
035 ## - SYSTEM CONTROL NUMBER
System control number (Sirsi) u119539
100 ## - MAIN ENTRY--PERSONAL NAME
Personal name Gummer, J.
245 ## - TITLE STATEMENT
Title Brown's duty is to stamp on borrowing
260 ## - PUBLICATION, DISTRIBUTION, ETC.
Date of publication, distribution, etc. 2002
490 ## - SERIES STATEMENT
Series statement Estates Gazette
Volume/sequential designation (0234) 24 August 2002, 37(1)
520 ## - SUMMARY, ETC.
Summary, etc. Discussion about the continuing boom in the housing market and the resulting effect on the rest of the economy. Argues the economy has been performing relatively well in comparison with Britain's neighbours but there is now concern about the problems of balancing the need to maintain economic growth and to dampen down the housing boom. Also considers that the boom could come to a halt naturally and cause deflation and a loss in consumer confidence.
590 ## - LOCAL NOTE (RLIN)
Local note ABS
650 ## - SUBJECT ADDED ENTRY--TOPICAL TERM
Topical term or geographic name entry element HOUSING MARKET
650 ## - SUBJECT ADDED ENTRY--TOPICAL TERM
Topical term or geographic name entry element HOUSING BOOM
650 ## - SUBJECT ADDED ENTRY--TOPICAL TERM
Topical term or geographic name entry element DEFLATION
650 ## - SUBJECT ADDED ENTRY--TOPICAL TERM
Topical term or geographic name entry element BANK OF ENGLAND
650 ## - SUBJECT ADDED ENTRY--TOPICAL TERM
Topical term or geographic name entry element INTEREST RATES
650 ## - SUBJECT ADDED ENTRY--TOPICAL TERM
Topical term or geographic name entry element CONSUMER CONFIDENCE
690 ## - LOCAL SUBJECT ADDED ENTRY--TOPICAL TERM (OCLC, RLIN)
Topical term or geographic name as entry element PROPERTY-RESIDENTIAL PROPERTY-RESIDENTIAL PROPERTY MARKET
942 ## - ADDED ENTRY ELEMENTS (KOHA)
Suppress in OPAC 0
Holdings
Withdrawn status Lost status Source of classification or shelving scheme Damaged status Not for loan Home library Current library Shelving location Date acquired Total Checkouts Full call number Barcode Date last seen Copy number Price effective from Koha item type
    Dewey Decimal Classification     London London Journal article 03/09/2002   ABS65838 119539-1001 06/08/2019 1 06/08/2019 Journal article